000 00419 a2200133 4500
001 91314
082 _aPR 1209
090 _c43422
_d43421
100 _aIhsan Naji; Prof Eubaid John and Khalid Pervaiz (Advisors)
245 _aDesign of Solar Mill " Converting Solar Energy into Mechanical Enegy Directly"
_n43 "A" EC
260 _aKarachi
_bNED University
_c1995
300 _aviii,160p
500 _aBE Project Reports
942 _aCAE NUST
_kPR 1209
999 _c326387
_d326387